Distributed data bases : (Record no. 21167)

MARC details
000 -LEADER
fixed length control field 00530nam a2200193Ia 4500
001 - CONTROL NUMBER
control field 18533
003 - CONTROL NUMBER IDENTIFIER
control field IN-NITTTR
005 - DATE AND TIME OF LATEST TRANSACTION
control field 20251114233215.0
008 - FIXED-LENGTH DATA ELEMENTS--GENERAL INFORMATION
fixed length control field 251113s9999||||xx |||||||||||||| ||eng||
040 ## - CATALOGING SOURCE
Language of cataloging eng
040 ## - CATALOGING SOURCE
Transcribing agency IN-NITTTR
041 ## - LANGUAGE CODE
Language code of text/sound track or separate title eng
082 ## - DEWEY DECIMAL CLASSIFICATION NUMBER
Classification number 025.04 D633
100 ## - MAIN ENTRY--PERSONAL NAME
Personal name Nagarajan, S.
245 #0 - TITLE STATEMENT
Title Distributed data bases :
Remainder of title plan for interaction and on-line search /
Statement of responsibility, etc. Nagarajan, S., Sangameswaran, S. V., Jain, H. C.
700 ## - ADDED ENTRY--PERSONAL NAME
Personal name Jain, H. C.
700 ## - ADDED ENTRY--PERSONAL NAME
Personal name Sangameswaran, S. V.
942 ## - ADDED ENTRY ELEMENTS (KOHA)
Source of classification or shelving scheme Dewey Decimal Classification
Koha item type Books
Holdings
Withdrawn status Lost status Source of classification or shelving scheme Damaged status Not for loan Home library Current library Date acquired Total checkouts Full call number Barcode Date last seen Price effective from Koha item type
    Dewey Decimal Classification     National Institute of Technical Teachers Training & Research National Institute of Technical Teachers Training & Research 11/14/2025   025.04 D633 035048 11/14/2025 11/14/2025 Books